| Tag |
First Indicator |
Second Indicator |
Subfields |
| LEADER |
00000cam a2200000 4500 |
| 001 |
in00001878713 |
| 006 |
m | d | |
| 007 |
cr |n||||||||n |
| 008 |
810429s1768 ie |||| s 00||||eng d |
| 005 |
20260403181827.9 |
| 035 |
|
|
|a (CStRLIN)ESTCT122270
|
| 040 |
|
|
|a Uk-ES
|c Uk-ES
|d CStRLIN
|d Thomson Gale
|d UtOrBLW
|
| 100 |
1 |
|
|a Young, Arthur,
|d 1741-1820.
|
| 245 |
1 |
4 |
|a The farmer's letters to the people of England :
|b containing the sentiments of a practical husbandman, on various subjects ... To which are added, Sylvæ: or, occasional tracts on husbandry and rural oeconomics.
|
| 250 |
|
|
|a The third edition, corrected and enlarged.
|
| 264 |
|
3 |
|a Dublin :
|b printed at the request and recommendation of several gentlemen, for J. Milliken,
|c 1768.
|
| 300 |
|
|
|a 6 unnumbered pages, 482p. ;
|c 8⁰.
|
| 336 |
|
|
|a text
|b txt
|2 rdacontent
|
| 337 |
|
|
|a computer
|b c
|2 rdamedia
|
| 338 |
|
|
|a online resource
|b cr
|2 rdacarrier
|
| 500 |
|
|
|a Anonymous. By Arthur Young.
|
| 500 |
|
|
|a Reproduction of original from the British Library.
|
| 510 |
4 |
|
|a English Short Title Catalog,
|c ESTCT122270.
|
| 533 |
|
|
|a Electronic reproduction.
|b Farmington Hills, Mich. :
|c Thomson Gale,
|d 2003.
|n Available via the World Wide Web.
|n Access limited by licensing agreements
|7 s2003 miunns
|
| 500 |
|
|
|a Electronic resource.
|
| 830 |
|
0 |
|a Eighteenth century collections online.
|
| 856 |
4 |
0 |
|u http://proxy.library.tamu.edu/login?url=https://galenet.galegroup.com/servlet/ECCO?c=1&stp=Author&ste=11&af=BN&ae=T122270&tiPG=1&dd=0&dc=flc&docNum=CW105708457&vrsn=1.0&srchtp=a&d4=0.33&n=10&SU=0LRL+OR+0LRI&locID=txshracd2898
|z Full text online
|t 0
|
| 999 |
|
|
|a MARS
|
| 999 |
f |
f |
|s 22961122-2a43-3045-8df6-8595b87b7d65
|i e412dc60-a04b-3c9a-af58-e82b52067ea8
|t 0
|
| 952 |
f |
f |
|a Texas A&M University
|b College Station
|c Electronic Resources
|s www_evans
|d Available Online
|t 0
|h No information provided
|
| 998 |
f |
f |
|t 0
|l Available Online
|